A Nemzeti Galériában mutatták be Papageorgiu Andrea kiállítási katalógusát

Elmentve itt :
Bibliográfiai részletek
További közreműködők: Ora Hasenfratz
Képiró Ágnes
Dokumentumtípus: Cikk
Sorozat:Infohodmezovasarhely.hu
Kulcsszavak:Kiállítás - katalógus-bemutató - Papageorgiu Andrea, Váraljai Anna - művészettörténész, Bölcsészet- és Társadalomtudományi Kar, Alföldi Galéria - Hódmezővásárhely, Nemzeti Galéria - Budapest
Online Access:http://univ.bibl.u-szeged.hu/50889
LEADER 00975nab a2200169 i 4500
001 univ50889
005 20190625112058.0
008 190625suuuu hu o 0|| zxx d
040 |a SZTE UnivHistória Repozitórium  |b hun 
041 |a zxx 
245 0 2 |a A Nemzeti Galériában mutatták be Papageorgiu Andrea kiállítási katalógusát  |h [elektronikus dokumentum] 
490 0 |a Infohodmezovasarhely.hu 
561 |a Egyetemi hirarchívum 
695 |a Kiállítás - katalógus-bemutató - Papageorgiu Andrea, Váraljai Anna - művészettörténész, Bölcsészet- és Társadalomtudományi Kar, Alföldi Galéria - Hódmezővásárhely, Nemzeti Galéria - Budapest 
700 0 1 |a Ora Hasenfratz 
700 0 1 |a Képiró Ágnes 
856 4 0 |u http://univ.bibl.u-szeged.hu/50889/1/A%20Nemzeti%20Gal%C3%A9ri%C3%A1ban%20mutatt%C3%A1k%20be%20Papageorgiu%20Andrea%20ki%C3%A1ll%C3%ADt%C3%A1si%20katal%C3%B3gus%C3%A1t%20_%20H%C3%ADrek%20_%20infoH%C3%B3dmez%C5%91v%C3%A1s%C3%A1rhely.pdf  |z Dokumentum-elérés